| 000 | 00418nam a2200145Ia 4500 | ||
|---|---|---|---|
| 008 | 241014s9999||||xx |||||||||||||| ||und|| | ||
| 020 | _a0-198527837 | ||
| 060 | _aWM 100 S 2005 | ||
| 100 | _aDavid Semple, Roger Smyth, Jonathan Burns, Rajan Darjee, Andrew Mclntosh | ||
| 245 | 0 | _aOxford Handbook of Psychiatry. | |
| 260 |
_bOxford University Press _c2005 |
||
| 300 | _a953 | ||
| 650 | _aPsychiatry | ||
| 942 |
_bDIMC _cBK |
||
| 999 |
_c6985 _d6985 |
||